000 00672cam a2200241 4500500
005 20260329004302.0
041 _afre
042 _adc
100 1 0 _aSorente, Isabelle
_eauthor
245 0 0 _aPrintemps des zombies
260 _c2019.
500 _a86
690 _aCollapsologie
690 _aEffondrement
690 _aGeorge A. Romero
690 _aNature
690 _aOiseau
690 _aPrintemps
690 _aThe Walking Dead
690 _aZombie
786 0 _nPhilosophie magazine | 130 | 6 | 2019-06-01 | p. 18-18 | 1951-1787
856 4 1 _uhttps://shs.cairn.info/magazine-philosophie-magazine-2019-6-page-18?lang=fr&redirect-ssocas=7080
999 _c1832476
_d1832476